Movies Quiz

Random Movies Quiz

Movie quiz 4 Stats

Quiz not verified by Sporcle

Challenge
Share
Tweet
Score 0/20 Timer 07:00
0 Plays Today
% Correct
Paul Blart Mall Cop
82%
Patch Adams
74%
Ace Ventura
70%
The Man in The Iron Mask
66%
Unbreakable
58%
Face Off
56%
Rush Hour
54%
The Lakehouse
50%
X men origins Wolverine
46%
Flight
32%
% Correct
The November man
26%
Hero
24%
Under Siege 2
24%
We Were Soldiers
20%
White Chicks
20%
Force 10 from Navarone
14%
Goal
10%
Escape from LA
8%
Rumble in the Bronx
2%
Harold and Kumar get the munchies
2%

You're not logged in!

Compare scores with friends on all Sporcle quizzes.
Join for Free
OR
Log In

You Might Also Like...

Show Comments

Extras

Top Quizzes Today


Score Distribution

Your Account Isn't Verified!

In order to create a playlist on Sporcle, you need to verify the email address you used during registration. Go to your Sporcle Settings to finish the process.

Report this User

Report this user for behavior that violates our Community Guidelines.

Details: